000 00285nam a22001337a 4500
008 170914b xxu||||| |||| 00| 0 eng d
020 _a01956021789
041 _aeng
080 _a7
100 _a44
101 _aART
245 _aHOW TO READ FILM
_cMONACO.J
942 _2udc
_cBK
999 _c27740
_d27740